| 000 | 00857na a2200265 4500 | ||
|---|---|---|---|
| 001 | 22588 | ||
| 003 | MIRAKIL | ||
| 005 | 20181213154957.0 | ||
| 008 | 170217b tu 000 0 | ||
| 035 | _a14667 | ||
| 040 |
_aMilas _btur _cTR-AnCHP |
||
| 041 | _atur | ||
| 082 |
_a070.44 _bİ77 [t.y.] |
||
| 090 | _a070.44 İ77 [t.y.] | ||
| 245 |
_aİstiklal Harbi Gazetesi _c[hazırlayan Ömer Sami Coşar ; derleyen Karşıyaka Belediyesi |
||
| 260 |
_a[İzmir] _b[Karşıyaka Belediyesi] _c[t.y.] |
||
| 300 |
_ayklş. 200 s. _bfotg. _c40 sm. |
||
| 500 | _aKarşıyaka Belediyesi'nin kültür hizmetidir | ||
| 610 |
_aİstiklal harbi gazetesi _xTarih _zTürkiye |
||
| 650 |
_aTürk gazeteleri _xTarih |
||
| 651 |
_aTürkiye _xTarih _yKurtuluş Savaşı, 1918-1923 |
||
| 700 | _aCoşar, Ömer Sami | ||
| 710 | _aKarşıyaka Belediyesi | ||
| 942 |
_2dcc _cBKS |
||
| 999 |
_c4220 _d4220 |
||